000 00641nam a2200253Ia 4500
003 OSt
005 20220918190638.0
006 a|||||r|||| 00| 0
007 ta
008 220917b |||||||| |||| 00| 0 eng d
024 _a58,384
037 _cTextual
040 _aARTS
_cARTS
_beng
041 _2eng
_aeng
082 _aP57N,D, J7
100 _aGordon E V
_970592
245 0 _aIntroduction to old Norse rev by A R Taylor
250 _a2nd
260 _aLondon
_bO U P
_c1957
300 _axiii, 412p.
_ccm.
650 _aLINGUISTICS
942 _hP57N,D, J7
_cTEXL
_2CC
999 _c186223
_d186223